Science Quiz

Random Science Quiz

Psych Intro 101 Quiz Stats

 Plays Quiz not verified by Sporcle

Score 0/10 Timer 10:00
0 Plays Today
Chapter 1 pages 5-19 % Correct
the study of how thought and behavior change and remain stable across the life span????
75%
the study of the role psychological factors play in regard to health and illness???
75%
Facilities for treating the mentally ill in Europe during the Middle Ages and into the early 19th century???
75%
Studies the psychological factors involving employees, workplaces, and organizations???
75%
The study of psychological factors in the field of sports and fitness.???
75%
The branch of psychology that studies personality and how it varies amongst individuals.???
75%
What do psychologist study????
60%
Men and women who treat people with mental problems by driving out their demons with elaborate rituals, such as exorcisms, incantations, and prayer. ???
50%
The view that everything we know and think comes from something we have experienced.???
50%
The idea that studying the reasons behind the way the mind works is better than looking at the elements of the mind.???
50%

You're not logged in!

Compare scores with friends on all Sporcle quizzes.
OR
Log In

Show Comments

Extras

Created Feb 20, 2014ReportNominate
Tags:101, chapter, intro, page, psych

Top Quizzes Today


Score Distribution

Your Account Isn't Verified!

In order to create a playlist on Sporcle, you need to verify the email address you used during registration. Go to your Sporcle Settings to finish the process.

Report this User

Report this user for behavior that violates our Community Guidelines.

Details: